Geografía de España / (Record no. 35203)
[ view plain ]
| 000 -LEADER | |
|---|---|
| campo de control de longitud fija | 00566nam a2200181 i 4500 |
| 001 - NÚMERO DE CONTROL | |
| campo de control | 35203 |
| 003 - IDENTIFICADOR DE NÚMERO DE CONTROL | |
| campo de control | ES-MaACL |
| 005 - FECHA Y HORA DE LA ÚLTIMA TRANSACCIÓN | |
| campo de control | 20230906155056.0 |
| 007 - CAMPO FIJO DE DESCRIPCIÓN FÍSICA--INFORMACIÓN GENERAL | |
| campo de control de longitud fija | t| |
| 008 - DATOS DE LONGITUD FIJA--INFORMACIÓN GENERAL | |
| campo de control de longitud fija | 030212s1969 sp ||||1| spa d |
| 100 1# - ENTRADA PRINCIPAL--NOMBRE DE PERSONA | |
| Nombre de persona | Bolos, María de. |
| 9 (RLIN) | 30001 |
| 245 10 - MENCIÓN DEL TÍTULO | |
| Título | Geografía de España / |
| Mención de responsabilidad, etc. | María de Bolos, Antonio Paluzie, Angela Guerrero. |
| 260 ## - PUBLICACIÓN, DISTRIBUCIÓN, ETC. | |
| Lugar de publicación, distribución, etc. | Barcelona : |
| Nombre del editor, distribuidor, etc. | Gassi, |
| Fecha de publicación, distribución, etc. | [1969] |
| 300 ## - DESCRIPCIÓN FÍSICA | |
| Extensión | 494 p., 24 lám. : |
| Otras características físicas | 10 map., il. ; |
| Dimensiones | 23 cm. |
| 700 0# - ENTRADA AGREGADA--NOMBRE PERSONAL | |
| Nombre de persona | Paluzie Borrell, Antonio. |
| 9 (RLIN) | 88725 |
| 700 1# - ENTRADA AGREGADA--NOMBRE PERSONAL | |
| Nombre de persona | Guerrero, Angela. |
| 9 (RLIN) | 60534 |
| 852 ## - LOCALIZACIÓN | |
| Ubicación | ES-MaACL |
| Número de control de estantería | C-38263 |
| Sublocalización o colección | R.70686 |
| Estatus retirado | Estado de pérdida | Estado de daño | No para préstamo | Biblioteca de origen | Biblioteca actual | Ubicación en estantería | Fecha de adquisición | Fuente de adquisición | Total de préstamos | Signatura topográfica completa | Código de barras | Visto por última vez | Precio de reemplazo | Tipo de ítem Koha |
|---|---|---|---|---|---|---|---|---|---|---|---|---|---|---|
| Biblioteca del Ateneo de Madrid | Biblioteca del Ateneo de Madrid | Depósito 2 | 17/01/2008 | C-38263 | 1036828 | 23/02/2023 | 23/02/2023 | Libro impreso |
